• 首页
  • 本馆介绍
  • 公告通知
  • 最新文献
  • 馆藏检索
  • 电子资源
  • 读者导购
  • 参考咨询
  • 我的图书馆
  • 登录
  • 详细信息显示
  • 放入我的书架
  • 预约/预借图书
  • 作者相关作品
  • 分类相关作品
  • 丛书相关作品
  • 出版社相关作品

书目信息

  • 表格格式
  • 工作单格式
  • 卡片格式
题名:
大千军事世界
    
 
作者: 王景佳 主编
分册: (二)  
出版信息: 北京   国防大学出版社  1988.2
页数: 438页
开本: 19厘米
丛书名:
单 册:
中图分类: E-49
科图分类:
主题词:
电子资源:
ISBN: 7-5626-0048-1
000 00657nam0 2200229 45
001 0189026242
005 20040421163233.3
010    @a7-5626-0048-1@dCNY3.20
020    @aCN@b89026242
100    @a19911017d1988 m y0chiy0120 ea
101 0  @achi
102    @aCN@b110000
105    @ay z 000yy
106    @ar
200 10 @a大千军事世界@h(二)@Ada qian jun shi shi jie@f王景佳主编@Fwang jing jia zhu bian
210    @a北京@c国防大学出版社@d1988.2
215    @a438页@d19厘米
540 1  @a军事 世界@Ajun shi shi jie
690    @aE-49@v1980
701  0 @a王景佳@Awang jing jia@4主编
801  0 @aCN@bNLC@c19911017
905    @f2@b250591-592@dE-49@e17:2
    
    大千军事世界.(二)/王景佳主编.-北京:国防大学出版社,1988.2
    438页;19厘米
    
    
    ISBN 7-5626-0048-1:CNY3.20
    
●
相关链接 在E读中查询图书 在五车中查询图书 在当当中查询图书 在豆瓣中查询图书


正题名:大千军事世界     索取号:E-49/17:2         预约/预借

序号 登录号 条形码 馆藏地/架位号 状态 备注
1 0250590   001258695   第一借阅区/ [索取号:E-49/17:2] 在馆    
2 0250591   001258748   密集书库/ [索取号:E-49/17:2] 在馆    
3 0250592   001258702   第一样本阅览室/ [索取号:E-49/17:2] 在馆    
唐山师范学院图书馆 欢迎您!
大连网信软件有限公司© 版权所有